What risk?
Enregistré dans:
| Auteur principal: | |
|---|---|
| Format: | Livre |
| Langue: | anglais |
| Publié: |
Oxford
Butterworth Heinemann
1997
|
| Sujets: | |
| Tags: |
Ajouter un tag
Pas de tags, Soyez le premier à ajouter un tag!
|
MARC
| LEADER | 00000nam a2200000 a 4500 | ||
|---|---|---|---|
| 001 | UCO5706 | ||
| 003 | CL-VaPUC | ||
| 008 | 000915e19970000UK |||||||||||||||||eng|d | ||
| 082 | 0 | 4 | |a 679.7 |b BAT |2 21 |
| 100 | 0 | |a Bate, Roger |e author |9 450489 | |
| 245 | 1 | 0 | |a What risk? |
| 300 | |a 328 p | ||
| 942 | |c BK | ||
| 945 | |d 20000915 00:00:00 |a rbrito | ||
| 260 | |a Oxford |b Butterworth Heinemann |c 1997 | ||
| 650 | 0 | |a Tabaco |9 343563 | |
| 650 | 7 | |a CONTAMINACION |2 CL-VaPUC |9 258139 | |
| 650 | 7 | |a CONTAMINANTES |2 CL-VaPUC |9 259641 | |
| 650 | 7 | |a CANCER PULMONAR |2 CL-VaPUC |9 450490 | |
| 583 | |a last modification |c 20000915 00:00:00 |k Rodrigo Vera | ||
| 999 | |c 291544 |d 291542 | ||
| 952 | |0 0 |1 0 |4 0 |6 679_700000000000000_BAT_1997 |7 0 |8 A |9 341444 |a BIBING |b BIBING |d 2019-11-20 |i 3583376 |o 679.7 BAT 1997 |p 3583376 |r 2025-01-20 |w 2019-11-20 |y BK |k EIQ | ||